| 000 -ლიდერი |
| ფიქსირებული სიგრძის საკონტროლო ველი |
01174nam a2200253Ia 4500 |
| 001 - საკონტროლო ნომერი |
| საკონტროლო ველი |
19532 |
| 003 - საკონტროლო ნომრის იდენტიფიკატორი |
| საკონტროლო ველი |
GE_BSU |
| 005 - ბოლო ოპერაციის თარიღი და დრო |
| საკონტროლო ველი |
20200224120231.0 |
| 008 - ფიქსირებული სიგრძის მონაცემთა ელემენტები - ზოგადი ინფორმაცია |
| ფიქსირებული სიგრძის საკონტროლო ველი |
181216s1960||||ge |||||||||||||| ||geo|| |
| 040 ## - კატალოგიზაციის წყარო |
| Transcribing agency |
GE_BSU |
| 041 ## - ენის კოდი |
| Language code of text/sound track or separate title |
geo |
| 080 ## - უნივერსალური ათობითი კლასიფიკაციის ინდექსი |
| Universal Decimal Classification number |
811.353.1'36 ა-16 |
| 100 ## - მთავარი ჩანაწერი - პიროვნების სახელი |
| Personal name |
აბესაძე, ნ. |
| 9 (RLIN) |
7380 |
| 245 ## - ცნობა სათაურის შესახებ |
| Title |
გრამატიკის საკითხები XIX საუკუნის ქართულ პერიოდულ გამოცემებში / |
| Statement of responsibility, etc |
ნ. აბესაძე ; რედ. ივ. გიგინეიშვილი. |
| 264 ## - წარმოების, გამოცემის, დისტრიბუციის და სხვა ცნობები |
| გამოცემის, წარმოების, დისტრიბუციის... ადგილი |
თბილისი : |
| გამოცემის, წარმოების, დისტრიბუციის... სახელწოდება |
საქ. სსრ მეცნ. აკად. გამ-ბა და სტ., |
| გამოცემის, წარმოების, დისტრიბუციის... თარიღი |
1960. |
| 300 ## - ფიზიკური აღწერა |
| Extent |
106 გვ. ; |
| Dimensions |
22 სმ. |
| 504 ## - BIBLIOGRAPHY, ETC. NOTE |
| Bibliography, etc |
ბიბლიოგრ. შენიშვნებში |
| 546 ## - LANGUAGE NOTE |
| Language note |
დამატ. თავფურც. რუს. ენ. |
| 653 ## - INDEX TERM--UNCONTROLLED |
| Uncontrolled term |
ქართული ენა |
| 653 ## - INDEX TERM--UNCONTROLLED |
| Uncontrolled term |
ქართული ენის გრამატიკა |
| 700 ## - ADDED ENTRY--PERSONAL NAME |
| Personal name |
გიგინეიშვილი, ივ. |
| Relator term |
რედაქტორი |
| 9 (RLIN) |
7381 |
| 942 ## - ADDED ENTRY ELEMENTS (KOHA) |
| Koha item type |
წიგნი |
| Source of classification or shelving scheme |
|